| 000 | 00730nam a2200181Ia 4500 | ||
|---|---|---|---|
| 008 | 100917s9999 xx 000 0 und d | ||
| 082 | _b28626 | ||
| 100 | _aटिळक ज. श्री. - प्रका. | ||
| 245 | _aसमग्र लोकमान्य टिळक खं. 1 गीता रहस्य | ||
| 260 |
_bकेसरी प्रकाशन _c1974 |
||
| 300 | _a835 | ||
| 365 | _b0 | ||
| 520 | _aअध्यात्म | ||
| 630 | _aसमग्र लोकमान्य टिळक खं. 1 गीता रहस्य | ||
| 650 | _aअध्यात्म | ||
| 730 | _aसमग्र लोकमान्य टिळक खं. 1 गीता रहस्य | ||
| 942 | _cBOOK | ||
| 999 |
_c634020 _d634017 |
||